| 000 | 01937cad a22002055a 4500 | ||
|---|---|---|---|
| 001 | L138205 | ||
| 008 | 070522s2007 xxk f w 000 0 eng d | ||
| 035 | _a(Sirsi) u138205 | ||
| 041 | 0 | _aeng | |
| 245 | 0 | 0 | _aKPMG LLP V Network Rail Infrastructure Limited[electronic resource] |
| 260 | _c2007 | ||
| 520 | _a[2007] EWCA Civ 363, 27 April 2007. Considers whether a clause omitted in error from a tenancy can be supplied by the court to restore the original and intended meaning of the contract. K appealed against the decision that N was entitled to correct a break clause in the lease. A number of words contained in parentheses had been mistakenly left out of the final draft, which had been intended to confer further restriction upon K's right to break the lease. The restriction was that a rent increase must have taken place. "Held": N's claim to correction of the clause should not have been granted. N?s alternative submission that modification of the contract to reflect only those clauses which were identical in the draft and the final tenancy could not be accepted. However the mistake in the final contract was not binding. The erroneous clause would have provided K with two further opportunities to break the lease. It was implausible to suggest such conditions would be drafted this way. The parenthesised was intended only as explanation. Reading of the lease confirms this. Comparison with the draught renders the error unmistakeable. The spirit of the agreement should be used. Appeal dismissed. | ||
| 590 | _aKA | ||
| 650 | 2 | 4 | _aKPMG LLP V NETWORK RAIL INFRASTRUCTURE LTD |
| 650 | 2 | 4 | _aHOMBURG HOUTIMPORT BV V AGROSIN PRIVATE LTD (THE STARSIN) |
| 651 | 4 |
_aEngland and Wales _y1543- |
|
| 690 | _aPROPERTY-COMMERCIAL PROPERTY-COMMERCIAL LANDLORD AND TENANT-COMMERCIAL LEASES | ||
| 856 | 4 | 0 |
_uhttps://www.bailii.org/ew/cases/EWCA/Civ/2007/363.html _zView the article free of charge at www.bailii.org... |
| 942 | _n0 | ||
| 999 |
_c78815 _d78815 |
||